Statistics for Suburbs of Sheffield

Click here to take the quiz!

General Stats

  • This quiz has been taken 16 times
  • The average score is 34 of 105

Answer Stats

PostcodeAnswers% Correct
S11Ecclesall
83%
S6Hillsborough
83%
S9Darnall
67%
S17Dore
67%
S13Handsworth
67%
S8Norton
67%
S8Norton lees
67%
S9Tinsley
67%
S17Totley
67%
S9Attercliffe
58%
S35Ecclesfield
58%
S8Meadowhead
58%
S7Millhouses
58%
S7Nether edge
58%
S13Woodhouse
58%
S3Burngreave
50%
S10Fulwood
50%
S20Halfway
50%
S2Heeley
50%
S8Jordanthorpe
50%
S6Middlewood
50%
S6Stannington
50%
S8Woodseats
50%
S7Abbeydale
42%
S2Arbourthorne
42%
S35Chapeltown
42%
S10Crookes
42%
S10Crosspool
42%
S5Firth Park
42%
S12Gleadless
42%
S12Gleadless Townend
42%
S14Gleadless Valley
42%
S35High Green
42%
S8Lowedges
42%
S3Pitsmoor
42%
S11Sharrow
42%
S11Sharrow Vale
42%
S36Stocksbridge
42%
S6Walkley
42%
S11Whirlow
42%
S20Beighton
33%
S11Bents Green
33%
S10Broomhill
33%
S10Endcliffe
33%
S35Grenoside
33%
S12Hackenthorpe
33%
S8Hemsworth
33%
S2Highfield
33%
S6Malin Bridge
33%
S2Manor
33%
S8Meersbrook
33%
S20Mosborough
33%
S2Park Hill
33%
S5Parson Cross
33%
S20Westfield
33%
S8Batemoor
25%
S6Bradfield
25%
S9Brightside
25%
S10Broomhall
25%
S9Carbrook
25%
S36Deepcar
25%
S5Fir Vale
25%
S12Frecheville
25%
S8Greenhill
25%
S10Lodge Moor
25%
S5Longley
25%
S2Lowfield
25%
S3Neepsend
25%
S20Owlthorpe
25%
S10Ranmoor
25%
S5Shiregreen
25%
S20Waterthorpe
25%
S5Wincobank
25%
S2Wybourn
25%
S8Beauchief
17%
S12Birley
17%
S17Bradway
17%
S35Burncross
17%
S12Charnock
17%
S10Crookesmoor
17%
S12Intake
17%
S3Netherthorpe
17%
S14Newfield Green
17%
S6Owlerton
17%
S12Ridgeway
17%
S5Shirecliffe
17%
S5Southey
17%
S10Tapton
17%
S11Brincliffe
8%
S7Carter Knowle
8%
S6Foxhill
8%
S11Greystones
8%
S4Grimesthorpe
8%
S2Norfolk Park
8%
S11Parkhead
8%
S13Richmond
8%
S11Ringinglow
8%
S20Sothall
8%
S6Upperthorpe
8%
S6Wadsley
8%
S6Wadsley Bridge
8%
S13Woodthorpe
8%
S35Worrall
8%
S12Base Green
0%
S36Ewden
0%

Score Distribution

Percentile by Number Answered

Percent of People with Each Score

Your Score History

You have not taken this quiz